[Event "Liga Vasca 2010 - Division de Honor"]
[Site "Euskadi ESP"]
[Date "2010.02.06"]
[Round "5.14"]
[White "Huerga Leache, Mikel"]
[Black "Romero Holmes, Alfonso"]
[Result "0-1"]
[WhiteElo "2435"]
[BlackElo "2515"]
[PlyCount "74"]
[EventDate "2010.01.09"]
[EventType "team"]
[EventRounds "9"]
[EventCountry "ESP"]
[Source "lmi"]
[SourceDate "2010.01.09"]

1. e4 c5 2. Nf3 Nc6 3. d4 cxd4 4. Nxd4 Nf6 5. Nc3 d6 6. Bg5 Qa5 7. Bxf6 gxf6 8.
Qd2 Nxd4 9. Qxd4 Bd7 10. O-O-O Rc8 11. Kb1 Bg7 12. f4 Qc5 13. f5 O-O 14. Qxc5
Rxc5 15. Nd5 Re8 16. Bd3 e6 17. b4 exd5 18. bxc5 dxe4 19. Be2 Bxf5 20. g4 Be6
21. cxd6 f5 22. gxf5 Bxf5 23. Bc4 Rd8 24. Rhg1 Bg6 25. h4 Kh8 26. d7 f5 27. Be6
f4 28. Bg4 h5 29. Be6 Kh7 30. Bg8+ Rxg8 31. d8=Q Rxd8 32. Rxd8 f3 33. Rd6 Bf5
34. Rg5 Bg4 35. Rdg6 Bc3 36. Rg8 f2 37. Rf8 Bf3 0-1

[Event "Liga Vasca 2010 - Division de Honor"]
[Site "Euskadi ESP"]
[Date "2010.02.06"]
[Round "5.22"]
[White "Miguel Quintero, Antonio"]
[Black "Hernandez Zorzano, Fernando"]
[Result "1-0"]
[WhiteElo "2181"]
[BlackElo "1747"]
[PlyCount "95"]
[EventDate "2010.01.09"]
[EventType "team"]
[EventRounds "9"]
[EventCountry "ESP"]
[Source "lmi"]
[SourceDate "2010.01.09"]

1. e4 e6 2. d4 d5 3. exd5 exd5 4. c4 Nf6 5. Nc3 Bb4 6. Nf3 O-O 7. Be2 Be6 8.
O-O h6 9. Qb3 Bxc3 10. bxc3 b6 11. Ne5 Nfd7 12. cxd5 Bf5 13. Bf3 Nxe5 14. dxe5
Nd7 15. Re1 Re8 16. Bf4 Nc5 17. Qc4 Qd7 18. Rad1 Rad8 19. h3 Qa4 20. Be2 Re7
21. d6 cxd6 22. exd6 Re4 23. Qxa4 Rxa4 24. Be3 Ne4 25. g4 Be6 26. Bb5 Rxa2 27.
Bxb6 axb6 28. Rxe4 Raa8 29. d7 Ra7 30. f4 Kf8 31. Rd6 Bxd7 32. Red4 Ke7 33. Kf2
Rc7 34. c4 Ra8 35. Rxd7+ Rxd7 36. Rxd7+ Ke6 37. f5+ Kf6 38. Rb7 Rc8 39. Rxb6+
Ke5 40. Rb7 Kf4 41. Rxf7 Rd8 42. Rd7 Ra8 43. c5 Ra2+ 44. Be2 Rc2 45. Rd4+ Ke5
46. Rc4 Rd2 47. c6 Kd5 48. c7 1-0

[Event "Liga Vasca 2010 - Division de Honor"]
[Site "Euskadi ESP"]
[Date "2010.02.06"]
[Round "5.23"]
[White "Diaz Redondo, Isidro"]
[Black "Alcaide Luque, Aitor"]
[Result "1/2-1/2"]
[WhiteElo "1681"]
[BlackElo "2144"]
[PlyCount "76"]
[EventDate "2010.01.09"]
[EventType "team"]
[EventRounds "9"]
[EventCountry "ESP"]
[Source "lmi"]
[SourceDate "2010.01.09"]

1. e4 e6 2. Nf3 d5 3. exd5 exd5 4. d4 Bg4 5. Be2 Bd6 6. Nc3 Ne7 7. O-O Nbc6 8.
Nb5 O-O 9. c3 Ng6 10. Nxd6 Qxd6 11. Be3 Rae8 12. h3 Bc8 13. Bd3 Nf4 14. Bxf4
Qxf4 15. Qd2 Qf6 16. Qg5 Qxg5 17. Nxg5 g6 18. Rae1 Kg7 19. Bb5 Bd7 20. Nf3 Rxe1
21. Rxe1 Re8 22. Rxe8 Bxe8 23. Kf1 f6 24. Ke2 a6 25. Bxc6 Bxc6 26. Ke3 Kf7 27.
h4 Ke6 28. Nd2 b6 29. Kf4 a5 30. g4 h6 31. g5 fxg5+ 32. hxg5 h5 33. Nf3 Ba4 34.
Nh4 Bc2 35. Ng2 Be4 36. Ne3 Bd3 37. a3 Be2 38. Kg3 Bd3 1/2-1/2

[Event "Liga Vasca 2010 - Division de Honor"]
[Site "Euskadi ESP"]
[Date "2010.02.06"]
[Round "5.41"]
[White "Prie, Eric"]
[Black "Garbisu de Goñi, Unai"]
[Result "1-0"]
[WhiteElo "2496"]
[BlackElo "2458"]
[PlyCount "61"]
[EventDate "2010.01.09"]
[EventType "team"]
[EventRounds "9"]
[EventCountry "ESP"]
[Source "lmi"]
[SourceDate "2010.01.09"]

1. d4 f5 2. Nc3 Nf6 3. Nf3 d6 4. Bf4 e6 5. e3 g6 6. h3 Bg7 7. g4 Qe7 8. Rg1
fxg4 9. hxg4 Nc6 10. g5 Nd5 11. Nxd5 exd5 12. Qd2 Bf5 13. O-O-O O-O-O 14. Rh1
Rdf8 15. Bh3 Nd8 16. Bxf5+ Rxf5 17. Nh4 Rf7 18. Qa5 Ne6 19. Ng2 Bxd4 20. exd4
Nxf4 21. Qxa7 Ne2+ 22. Kb1 Rhf8 23. Qa8+ Kd7 24. Qxb7 Rxf2 25. Qxd5 Rb8 26. Ka1
c6 27. Qa5 Rb7 28. Ne3 Ng3 29. Rhe1 Qg7 30. Ng4 Rf5 31. Nf6+ 1-0

[Event "Liga Vasca 2010 - Division de Honor"]
[Site "Euskadi ESP"]
[Date "2010.02.06"]
[Round "5.42"]
[White "Gallego Eraso, Francisco"]
[Black "Brethes, Francois"]
[Result "0-1"]
[WhiteElo "2368"]
[BlackElo "2265"]
[PlyCount "126"]
[EventDate "2010.01.09"]
[EventType "team"]
[EventRounds "9"]
[EventCountry "ESP"]
[Source "lmi"]
[SourceDate "2010.01.09"]

1. d4 Nf6 2. Nf3 e6 3. e3 c5 4. c4 b6 5. Nc3 Be7 6. dxc5 bxc5 7. Be2 Bb7 8. O-O
O-O 9. b3 d5 10. Bb2 Nbd7 11. Qc2 Rc8 12. Rfd1 Qc7 13. Rd2 a6 14. Rad1 Nb6 15.
cxd5 exd5 16. Qf5 Rcd8 17. Ng5 h6 18. Nf3 Rfe8 19. h3 Bf8 20. Na4 Ne4 21. Nxb6
Nxd2 22. Rxd2 Qxb6 23. Bd3 g6 24. Qf4 Bg7 25. Be5 Qe6 26. Bxg7 Kxg7 27. Qc7 Qc8
28. Qf4 Qb8 29. Qg4 Bc8 30. Qa4 Qb6 31. Qf4 Rd6 32. Be2 Bb7 33. Ne5 Rf6 34. Nd7
Rxf4 35. Nxb6 Rf6 36. Nd7 Rc6 37. Rxd5 Rc7 38. Re5 Rd8 39. Nxc5 Rd2 40. Bc4
Rxa2 41. e4 Bc8 42. Nd3 Kf6 43. Re8 Be6 44. e5+ Kf5 45. Bxe6+ fxe6 46. f3 Rc3
47. Rf8+ Kg5 48. Nf4 Kh4 49. Kh2 g5 50. Ng6+ Kh5 51. Rg8 Rxb3 52. h4 Rxf3 53.
hxg5 hxg5 54. Kg1 Rg3 55. Kh1 Kg4 56. Rc8 Kf5 57. Rg8 a5 58. Ne7+ Ke4 59. Rc8
Rgxg2 60. Rc4+ Kxe5 61. Rc5+ Ke4 62. Nf5 Rh2+ 63. Kg1 exf5 0-1

[Event "Liga Vasca 2010 - Division de Honor"]
[Site "Euskadi ESP"]
[Date "2010.02.06"]
[Round "5.43"]
[White "Hernandez, Elvis"]
[Black "Rebole Arbea, Jose Ignacio"]
[Result "1/2-1/2"]
[WhiteElo "2275"]
[BlackElo "2236"]
[PlyCount "53"]
[EventDate "2010.01.09"]
[EventType "team"]
[EventRounds "9"]
[EventCountry "ESP"]
[Source "lmi"]
[SourceDate "2010.01.09"]

1. e4 c5 2. Nf3 Nc6 3. d3 g6 4. g3 Bg7 5. Bg2 d6 6. O-O e6 7. c3 Nge7 8. Re1
O-O 9. d4 e5 10. Be3 b6 11. Na3 Bg4 12. dxc5 dxc5 13. h3 Qxd1 14. Rexd1 Be6 15.
Bf1 h6 16. Nc4 Rad8 17. a3 f5 18. Rxd8 Rxd8 19. b4 f4 20. Bd2 b5 21. Nb2 c4 22.
a4 a6 23. Be1 g5 24. g4 Kf8 25. Be2 Ke8 26. Kf1 Bf6 27. Rd1 1/2-1/2

[Event "Liga Vasca 2010 - Division de Honor"]
[Site "Euskadi ESP"]
[Date "2010.02.06"]
[Round "5.44"]
[White "Ducret, Thomas"]
[Black "Sanz Perez, Eduardo"]
[Result "1/2-1/2"]
[WhiteElo "2197"]
[BlackElo "2149"]
[PlyCount "49"]
[EventDate "2010.01.09"]
[EventType "team"]
[EventRounds "9"]
[EventCountry "ESP"]
[Source "lmi"]
[SourceDate "2010.01.09"]

1. Nf3 Nf6 2. c4 g6 3. Nc3 Bg7 4. e4 d6 5. d4 O-O 6. Be2 Nc6 7. d5 Nb8 8. O-O
Ne8 9. Bg5 f5 10. exf5 Rxf5 11. Qd2 Nd7 12. Ne4 Ne5 13. Nd4 Rf8 14. f4 Nf7 15.
Ne6 Bxe6 16. dxe6 Nxg5 17. Nxg5 c6 18. Kh1 Qb6 19. Nf7 Qd4 20. Qc2 b5 21. Rad1
Qxb2 22. Nh6+ Kh8 23. Nf7+ Kg8 24. Nh6+ Kh8 25. Nf7+ 1/2-1/2

[Event "Liga Vasca 2010 - Division de Honor"]
[Site "Euskadi ESP"]
[Date "2010.02.06"]
[Round "5.51"]
[White "Iruzubieta Villaluenga, Jesus M"]
[Black "Astasio Lopez, David"]
[Result "1/2-1/2"]
[WhiteElo "2416"]
[BlackElo "2303"]
[PlyCount "65"]
[EventDate "2010.01.09"]
[EventType "team"]
[EventRounds "9"]
[EventCountry "ESP"]
[Source "lmi"]
[SourceDate "2010.01.09"]

1. e4 c5 2. Nf3 e6 3. d4 cxd4 4. Nxd4 Nf6 5. Nc3 Nc6 6. Ndb5 Bb4 7. a3 Bxc3+ 8.
Nxc3 d5 9. exd5 exd5 10. Bd3 O-O 11. O-O d4 12. Ne2 Bg4 13. f3 Bh5 14. Bg5 Qd6
15. Qd2 Rad8 16. Qf4 Bg6 17. Bxf6 Qxf6 18. Qxf6 gxf6 19. Rad1 Rfe8 20. Kf2 Re5
21. Nc1 Rc5 22. Rd2 Ne5 23. Bxg6 fxg6 24. Nb3 Rcd5 25. Rfd1 Nc4 26. Rxd4 Nxb2
27. R1d2 Rxd4 28. Rxd4 Rc8 29. Kg3 Rc7 30. Rd8+ Kf7 31. Nd4 a6 32. Rh8 Kg7 33.
Rb8 1/2-1/2

[Event "Liga Vasca 2010 - Division de Honor"]
[Site "Euskadi ESP"]
[Date "2010.02.06"]
[Round "5.52"]
[White "Perez de Miguel, Alvaro"]
[Black "Ruiz Gomez, Alejandro"]
[Result "0-1"]
[WhiteElo "2193"]
[BlackElo "2357"]
[PlyCount "81"]
[EventDate "2010.01.09"]
[EventType "team"]
[EventRounds "9"]
[EventCountry "ESP"]
[Source "lmi"]
[SourceDate "2010.01.09"]

1. d4 Nf6 2. Nf3 c5 3. d5 a6 4. c4 b5 5. Qc2 d6 6. e4 g6 7. cxb5 Bg7 8. Nc3 O-O
9. a4 e6 10. dxe6 Bxe6 11. Be2 axb5 12. Bxb5 Na6 13. O-O Nb4 14. Qe2 Bg4 15.
Bg5 h6 16. Be3 Qe7 17. h3 Bc8 18. Bf4 Nh5 19. Bh2 Bb7 20. Rad1 Rfd8 21. Rd2 g5
22. Qe3 Bf8 23. Rfd1 Qe6 24. Qe2 Qf6 25. e5 dxe5 26. Nxe5 Rxd2 27. Rxd2 Nf4 28.
Bxf4 Qxf4 29. Nxf7 Nc6 30. Nxh6+ Bxh6 31. Qe6+ Qf7 32. Qxh6 Nd4 33. Qxg5+ Kh8
34. Qh6+ Qh7 35. Qf6+ Qg7 36. Qxg7+ Kxg7 37. Ne2 Nxb5 38. Rd7+ Kf6 39. Rxb7 Nd6
40. Rb6 Ke5 41. f4+ 0-1

[Event "Liga Vasca 2010 - Division de Honor"]
[Site "Euskadi ESP"]
[Date "2010.02.06"]
[Round "5.53"]
[White "Limeres Guiance, Cristobal"]
[Black "Villalta Bustillo, Igor"]
[Result "0-1"]
[WhiteElo "2250"]
[BlackElo "2157"]
[PlyCount "119"]
[EventDate "2010.01.09"]
[EventType "team"]
[EventRounds "9"]
[EventCountry "ESP"]
[Source "lmi"]
[SourceDate "2010.01.09"]

1. d4 d5 2. c4 e6 3. Nc3 c5 4. cxd5 exd5 5. Nf3 Nc6 6. g3 Nf6 7. Bg2 Be7 8. O-O
O-O 9. dxc5 Bxc5 10. a3 Re8 11. b4 Bb6 12. Bb2 Bg4 13. Nb5 Ne4 14. Nfd4 Ne5 15.
h3 Bh5 16. Nf5 Nc4 17. Bd4 Nf6 18. Nc3 Bg6 19. g4 Bxf5 20. gxf5 Rc8 21. Bxb6
Nxb6 22. Nb5 Qe7 23. e3 a6 24. Nd4 Ne4 25. Qg4 Qf6 26. Rfc1 Nc4 27. Bf1 Ne5 28.
Qf4 g5 29. fxg6 Qxg6+ 30. Kh2 Rxc1 31. Rxc1 Kh8 32. Qf5 Qxf5 33. Nxf5 Nxf2 34.
Rc7 Rg8 35. Be2 Ne4 36. Ne7 Re8 37. Nf5 h6 38. Rxb7 Rc8 39. Nd4 Rc3 40. Re7 f6
41. Re8+ Kh7 42. Ra8 Rxe3 43. Rxa6 Nc3 44. Bh5 Re4 45. Nf5 Rf4 46. Rxf6 Ne4 47.
Rxh6+ Kg8 48. Ne7+ Kg7 49. Re6 Rf2+ 50. Kg1 Nd3 51. Nxd5 Nd2 52. Be2 Rf5 53.
Bxd3 Rxd5 54. Be2 Kf7 55. Re3 Kf6 56. Kf2 Kf5 57. Rd3 Ne4+ 58. Ke3 Re5 59. Bg4+
Kf6 60. Kd4 0-1

[Event "Liga Vasca 2010 - Division de Honor"]
[Site "Euskadi ESP"]
[Date "2010.02.06"]
[Round "5.54"]
[White "Gutierrez Bustillo, Diego"]
[Black "Gete Rodriguez, Isidro"]
[Result "1-0"]
[WhiteElo "2020"]
[BlackElo "2132"]
[PlyCount "58"]
[EventDate "2010.01.09"]
[EventType "team"]
[EventRounds "9"]
[EventCountry "ESP"]
[Source "lmi"]
[SourceDate "2010.01.09"]

1. e4 e5 2. Nf3 Nc6 3. d4 exd4 4. Nxd4 Nf6 5. Nxc6 bxc6 6. e5 Qe7 7. Qe2 Nd5 8.
c4 Nb6 9. b3 a5 10. Bb2 a4 11. Qe3 axb3 12. axb3 Rxa1 13. Bxa1 Qb4+ 14. Qc3 Na4
15. Qxb4 Bxb4+ 16. Kd1 Nc5 17. Kc2 d5 18. Bd3 O-O 19. Nc3 Nxd3 20. Kxd3 Bf5+
21. Kd4 dxc4 22. Kxc4 c5 23. Na2 Ba3 24. Rd1 Rb8 25. Kc3 Be6 26. Rb1 c4 27. b4
Rd8 28. Bb2 Rd3+ 29. Kc2 Rb3 1-0

[Event "Liga Vasca 2010 - Division de Honor"]
[Site "Euskadi ESP"]
[Date "2010.02.20"]
[Round "6.11"]
[White "Franco Alonso, Alejandro"]
[Black "Astasio Lopez, David"]
[Result "1/2-1/2"]
[WhiteElo "2472"]
[BlackElo "2303"]
[PlyCount "105"]
[EventDate "2010.01.09"]
[EventType "team"]
[EventRounds "9"]
[EventCountry "ESP"]
[Source "lmi"]
[SourceDate "2010.01.09"]

1. d4 d5 2. c4 c6 3. Nf3 Nf6 4. e3 Bf5 5. Nc3 e6 6. Nh4 Bg6 7. Be2 Nbd7 8. O-O
Bd6 9. g3 O-O 10. Nxg6 hxg6 11. Qb3 Qb6 12. Qc2 dxc4 13. Bxc4 c5 14. dxc5 Qxc5
15. Be2 Rac8 16. Qb3 Qc6 17. Rd1 a6 18. Bd2 Ne5 19. Be1 Rfd8 20. Rd4 Bc5 21.
Rxd8+ Rxd8 22. Rd1 Rb8 23. Na4 Ba7 24. Bc3 Nf3+ 25. Bxf3 Qxf3 26. Bxf6 gxf6 27.
Rd7 Qc6 28. Qd1 Rc8 29. Nc3 Kg7 30. Rd6 Qc7 31. Rd7 Qc6 32. Qd3 Bb8 33. Ne2 Be5
34. Nd4 Bxd4 35. Qxd4 Rc7 36. Rxc7 Qxc7 37. h4 Qc1+ 38. Kg2 Qc6+ 39. Kg1 Qc1+
40. Kg2 Qc6+ 41. e4 Qc2 42. e5 f5 43. a3 Qc6+ 44. Kf1 Qc1+ 45. Ke2 Qc2+ 46. Ke3
Qc1+ 47. Kd3 Qc6 48. Kd2 Qc7 49. a4 Qc6 50. a5 Qb5 51. b4 Qc6 52. Kd3 Qc1 53.
Ke2 1/2-1/2

[Event "Liga Vasca 2010 - Division de Honor"]
[Site "Euskadi ESP"]
[Date "2010.02.20"]
[Round "6.12"]
[White "Perez de Miguel, Alvaro"]
[Black "Huerga Leache, Mikel"]
[Result "0-1"]
[WhiteElo "2193"]
[BlackElo "2435"]
[PlyCount "58"]
[EventDate "2010.01.09"]
[EventType "team"]
[EventRounds "9"]
[EventCountry "ESP"]
[Source "lmi"]
[SourceDate "2010.01.09"]

1. d4 d5 2. Nf3 Nf6 3. c4 c6 4. Nc3 a6 5. c5 Bg4 6. Qb3 Ra7 7. Ne5 Be6 8. Bf4
Nh5 9. e3 g6 10. Be2 Nxf4 11. exf4 Bh6 12. g3 Bh3 13. Bg4 Bxg4 14. Nxg4 Bg7 15.
O-O-O Nd7 16. h4 b6 17. cxb6 Qxb6 18. Qxb6 Nxb6 19. h5 e6 20. Ne5 Rc7 21. Kb1
O-O 22. hxg6 hxg6 23. g4 c5 24. dxc5 Rxc5 25. g5 Rb8 26. Rh3 Nc4 27. Nxc4 Rxc4
28. Ka1 Rxf4 29. Rd2 Rg4 0-1

[Event "Liga Vasca 2010 - Division de Honor"]
[Site "Euskadi ESP"]
[Date "2010.02.20"]
[Round "6.13"]
[White "Gonzalez de la Torre, Santiago"]
[Black "Villalta Bustillo, Igor"]
[Result "1/2-1/2"]
[WhiteElo "2405"]
[BlackElo "2157"]
[PlyCount "264"]
[EventDate "2010.01.09"]
[EventType "team"]
[EventRounds "9"]
[EventCountry "ESP"]
[Source "lmi"]
[SourceDate "2010.01.09"]

1. e4 e5 2. Nf3 Nf6 3. Nxe5 d6 4. Nf3 Nxe4 5. d4 d5 6. Bd3 Nc6 7. O-O Be7 8. c4
Nb4 9. Be2 O-O 10. Nc3 Be6 11. Ne5 f6 12. Nf3 a5 13. cxd5 Nxc3 14. bxc3 Nxd5
15. Bd3 Bf7 16. Qc2 g6 17. a3 c6 18. c4 Nc7 19. Bf4 Bd6 20. Bh6 Re8 21. c5 Bf8
22. Bf4 Bd5 23. Bxc7 Qxc7 24. Bc4 Qf7 25. Bxd5 Qxd5 26. Rfe1 Rxe1+ 27. Rxe1 b6
28. cxb6 Bxa3 29. Nd2 Bb4 30. Ne4 Qd8 31. Qc4+ Kh8 32. Re3 Qxb6 33. Nxf6 Bd6
34. g4 Rf8 35. Re8 Rxe8 36. Qf7 Qc7 37. Qxe8+ Kg7 38. g5 Bf8 39. Qe6 Qf7 40.
Qxc6 Be7 41. Ne8+ Kg8 42. Nc7 Qf5 43. Qc4+ Kh8 44. d5 Qxg5+ 45. Kf1 Qh4 46.
Qc3+ Bf6 47. Qf3 Qc4+ 48. Kg2 Qxc7 49. Qxf6+ Kg8 50. Qc6 Qf4 51. Qe6+ Qf7 52.
Qc8+ Qf8 53. Qc7 Qf5 54. Qc4 Qf7 55. Qc8+ Qf8 56. Qc7 Qf5 57. Qc4 Qf7 58. Qd4
Qb7 59. Kg3 Qb4 60. Qe5 Qb3+ 61. Kf4 Qc4+ 62. Kg5 Qc5 63. Qb8+ Qf8 64. Qe5 Qc5
65. Qe6+ Kf8 66. Qf6+ Ke8 67. Qf3 a4 68. Qd3 a3 69. Kh6 Kf7 70. Kxh7 a2 71.
Qxg6+ Ke7 72. d6+ Qxd6 73. Qg7+ Kd8 74. Qg8+ Kd7 75. Qxa2 Qxh2+ 76. Kg8 Qg2+
77. Kf8 Kd6 78. Qf7 Qh3 79. Kg7 Ke5 80. f4+ Kd4 81. f5 Qg3+ 82. Kf8 Qb8+ 83.
Kg7 Qg3+ 84. Qg6 Qc7+ 85. Kg8 Qd8+ 86. Kh7 Qh4+ 87. Qh6 Qe4 88. Qd6+ Kc3 89.
Qe6 Qh4+ 90. Qh6 Qe4 91. Qg5 Kc2 92. Kg7 Qb7+ 93. Kg6 Qe4 94. Qg3 Kb1 95. Qf2
Qe8+ 96. Kg5 Qg8+ 97. Kh4 Qh8+ 98. Kg4 Qg7+ 99. Kh3 Qh6+ 100. Kg2 Qc6+ 101. Kg1
Qf6 102. Qf4 Qb6+ 103. Kg2 Qc6+ 104. Qf3 Qf6 105. Qg4 Qc6+ 106. Kg3 Qc3+ 107.
Qf3 Qg7+ 108. Kh3 Qh6+ 109. Kg2 Qg5+ 110. Kf1 Qc1+ 111. Kf2 Qd2+ 112. Kg3 Qg5+
113. Kh3 Qh6+ 114. Kg4 Qg7+ 115. Kf4 Qc7+ 116. Ke3 Qc3+ 117. Kf2 Qd4+ 118. Qe3
Qh4+ 119. Kf1 Qc4+ 120. Ke1 Qb4+ 121. Kf2 Qh4+ 122. Kf3 Qh3+ 123. Ke4 Qg4+ 124.
Qf4 Qe2+ 125. Kd5 Qb5+ 126. Ke6 Qe8+ 127. Kf6 Qd8+ 128. Kg7 Qe7+ 129. Kh6 Qf8+
130. Kg5 Qg7+ 131. Kh5 Qf7+ 132. Kh4 Qf6+ 1/2-1/2

[Event "Liga Vasca 2010 - Division de Honor"]
[Site "Euskadi ESP"]
[Date "2010.02.20"]
[Round "6.14"]
[White "Gutierrez Bustillo, Diego"]
[Black "Argandoña Rivero, Iñigo"]
[Result "0-1"]
[WhiteElo "2020"]
[BlackElo "2382"]
[PlyCount "84"]
[EventDate "2010.01.09"]
[EventType "team"]
[EventRounds "9"]
[EventCountry "ESP"]
[Source "lmi"]
[SourceDate "2010.01.09"]

1. e4 d6 2. d4 Nf6 3. Nc3 e5 4. Nf3 Nbd7 5. Bc4 Be7 6. O-O O-O 7. Re1 c6 8. a4
b6 9. Bg5 a6 10. Qe2 Bb7 11. Nd1 Nh5 12. Bxe7 Qxe7 13. g3 g6 14. Qe3 exd4 15.
Qxd4 Rae8 16. Nc3 Qf6 17. Qxf6 Nhxf6 18. Rad1 b5 19. Bf1 b4 20. Na2 c5 21. Rxd6
Bxe4 22. Ng5 Bxc2 23. Rxe8 Rxe8 24. Bc4 Kg7 25. Bxa6 Re1+ 26. Kg2 h6 27. Nf3
Be4 28. Bd3 Bxf3+ 29. Kxf3 Ne5+ 30. Kg2 Nxd3 31. Rxd3 Ra1 32. Nxb4 cxb4 33. b3
Ne4 34. Rd4 Nc5 35. Rxb4 Ra3 36. Rc4 Nb7 37. Rb4 Na5 38. Kf3 Nxb3 39. Kg2 Nc5
40. Rb5 Nxa4 41. Ra5 h5 42. h4 Ra2 0-1

[Event "Liga Vasca 2010 - Division de Honor"]
[Site "Euskadi ESP"]
[Date "2010.02.20"]
[Round "6.21"]
[White "Garbisu de Goñi, Unai"]
[Black "Iruzubieta Villaluenga, Jesus M"]
[Result "1-0"]
[WhiteElo "2458"]
[BlackElo "2416"]
[PlyCount "77"]
[EventDate "2010.01.09"]
[EventType "team"]
[EventRounds "9"]
[EventCountry "ESP"]
[Source "lmi"]
[SourceDate "2010.01.09"]

1. e4 e5 2. Nf3 Nc6 3. Bb5 f5 4. d3 fxe4 5. dxe4 Nf6 6. O-O Bc5 7. Bxc6 bxc6 8.
Nxe5 O-O 9. Nd3 Bd4 10. e5 Ne4 11. Qe2 d5 12. Be3 Bxe3 13. Qxe3 Bf5 14. c3 Qe7
15. Na3 Nxc3 16. Nc2 Bxd3 17. Qxd3 Ne4 18. Nd4 Qxe5 19. Nxc6 Qd6 20. Qxd5+ Qxd5
21. Ne7+ Kh8 22. Nxd5 c6 23. Ne3 Kg8 24. Rac1 Rf6 25. f3 Ng5 26. Rc5 Rg6 27.
Nf5 Re8 28. Kf2 Nf7 29. Rd1 Ne5 30. Ra5 Rf6 31. Ne3 Rfe6 32. Rxa7 h5 33. Nf5 g6
34. Ng3 h4 35. Ne4 h3 36. Ng5 Rf6 37. Nxh3 Nc4 38. b3 Nb6 39. Ra6 1-0

[Event "Liga Vasca 2010 - Division de Honor"]
[Site "Euskadi ESP"]
[Date "2010.02.20"]
[Round "6.22"]
[White "Ruiz Gomez, Alejandro"]
[Black "Rada Equiza, Miguel"]
[Result "1/2-1/2"]
[WhiteElo "2357"]
[BlackElo "2262"]
[PlyCount "73"]
[EventDate "2010.01.09"]
[EventType "team"]
[EventRounds "9"]
[EventCountry "ESP"]
[Source "lmi"]
[SourceDate "2010.01.09"]

1. Nf3 f5 2. d4 Nf6 3. g3 g6 4. c3 Bg7 5. Qb3 d5 6. Bg2 O-O 7. O-O Kh8 8. Bf4
c6 9. c4 Qb6 10. Nc3 Be6 11. Qa3 dxc4 12. Qxe7 Re8 13. Qa3 Na6 14. Be5 Qb4 15.
Qxb4 Nxb4 16. Rfc1 Rad8 17. a3 Nbd5 18. Nb1 Ne4 19. Bxg7+ Kxg7 20. Ne5 Nb6 21.
e3 Bg8 22. Nc3 Nd2 23. Rc2 Nb3 24. Rd1 c5 25. dxc5 Rxd1+ 26. Nxd1 Nxc5 27. Nf3
Bd5 28. Nc3 Be4 29. Nxe4 Nxe4 30. Nd2 Nxd2 31. Rxd2 Re7 32. Kf1 Rc7 33. Rc2 Nd7
34. Ke2 b5 35. b3 Nb6 36. bxc4 Nxc4 37. Bd5 1/2-1/2

[Event "Liga Vasca 2010 - Division de Honor"]
[Site "Euskadi ESP"]
[Date "2010.02.20"]
[Round "6.23"]
[White "Rebole Arbea, Jose Ignacio"]
[Black "Limeres Guiance, Cristobal"]
[Result "0-1"]
[WhiteElo "2236"]
[BlackElo "2250"]
[PlyCount "96"]
[EventDate "2010.01.09"]
[EventType "team"]
[EventRounds "9"]
[EventCountry "ESP"]
[Source "lmi"]
[SourceDate "2010.01.09"]

1. g3 e5 2. Bg2 d5 3. c4 d4 4. d3 Nf6 5. Nf3 Nc6 6. O-O Bd6 7. Na3 O-O 8. Nc2
Re8 9. a3 a5 10. b3 Bf5 11. Rb1 Qe7 12. Qd2 Nd8 13. b4 c5 14. e4 Bc8 15. b5 Nh5
16. Nh4 g6 17. Qh6 f6 18. Qd2 Ne6 19. Qd1 Qf7 20. a4 Bd7 21. Ne1 b6 22. Rb2
Rad8 23. Kh1 Kh8 24. Bf3 Nhg7 25. Bg2 Qe7 26. Bh3 Rf8 27. Bh6 Rf7 28. Neg2 f5
29. f4 fxe4 30. fxe5 Bxe5 31. dxe4 Rdf8 32. Rxf7 Qxf7 33. Rb1 Bc8 34. Ne1 Bb7
35. Qd3 g5 36. Nhf3 Qg6 37. Bxg7+ Nxg7 38. Nxe5 Bxe4+ 39. Kg1 Bxd3 40. Nxg6+
Bxg6 41. Rd1 Nf5 42. Rc1 Ne3 43. Ng2 Re8 44. Nxe3 Rxe3 45. Bf1 Kg7 46. Kf2 Kf6
47. Ra1 Bf7 48. Rc1 Ra3 0-1

[Event "Liga Vasca 2010 - Division de Honor"]
[Site "Euskadi ESP"]
[Date "2010.02.20"]
[Round "6.31"]
[White "Alonso Arburu, Juan Ignacio"]
[Black "Hernandez, Elvis"]
[Result "1/2-1/2"]
[WhiteElo "2372"]
[BlackElo "2275"]
[PlyCount "90"]
[EventDate "2010.01.09"]
[EventType "team"]
[EventRounds "9"]
[EventCountry "ESP"]
[Source "lmi"]
[SourceDate "2010.01.09"]

1. e4 e6 2. d4 d5 3. Nd2 Nf6 4. e5 Nfd7 5. Bd3 c5 6. c3 Nc6 7. Ne2 cxd4 8. cxd4
Qb6 9. Nf3 f6 10. exf6 Nxf6 11. O-O Bd6 12. Bf4 Bxf4 13. Nxf4 O-O 14. b3 Ne4
15. g3 Nxd4 16. Bxe4 dxe4 17. Nxd4 e5 18. Nfe2 Bh3 19. Nc2 Rad8 20. Qe1 Bxf1
21. Qxf1 Rd3 22. Ne1 Rd2 23. Ng2 Qa6 24. Nc3 Rfxf2 25. Qxf2 Rxf2 26. Kxf2 Qd3
27. Rc1 h5 28. Ne3 Qd2+ 29. Ne2 Qxa2 30. Rc8+ Kh7 31. Rc5 Qa1 32. Nc4 Qh1 33.
Rxe5 Qf3+ 34. Ke1 Qxb3 35. Nd2 Qb2 36. Rxe4 a5 37. Nf3 Kg8 38. Ng5 Qb1+ 39. Kf2
Qb6+ 40. Kg2 Qd8 41. h4 b5 42. Nf4 b4 43. Ng6 Qa8 44. Kh2 b3 45. Ne7+ Kf8
1/2-1/2

[Event "Liga Vasca 2010 - Division de Honor"]
[Site "Euskadi ESP"]
[Date "2010.02.20"]
[Round "6.32"]
[White "Sanz Perez, Eduardo"]
[Black "Cruz-Lopez Claret, Carlos"]
[Result "1-0"]
[WhiteElo "2149"]
[BlackElo "2318"]
[PlyCount "79"]
[EventDate "2010.01.09"]
[EventType "team"]
[EventRounds "9"]
[EventCountry "ESP"]
[Source "lmi"]
[SourceDate "2010.01.09"]

1. f4 e5 2. fxe5 d6 3. exd6 Bxd6 4. Nf3 Nf6 5. g3 h5 6. d4 Ng4 7. e4 h4 8. e5
Bb4+ 9. c3 hxg3 10. Qa4+ Nc6 11. Bg2 Bd7 12. Qc2 Nf2 13. O-O Nh3+ 14. Kh1 Bg4
15. Qe4 Qd7 16. cxb4 Nf2+ 17. Rxf2 gxf2 18. Be3 Bh3 19. Nbd2 O-O-O 20. b5 Nb4
21. Bxf2 Bxg2+ 22. Kxg2 Nd5 23. Rc1 Rh6 24. Nc4 Qh3+ 25. Kh1 f5 26. exf6 Nxf6
27. Qf4 Nd5 28. Qg3 Qf5 29. Ne3 Qf7 30. Nxd5 Rxd5 31. Ne5 Qe7 32. Qb3 Qg5 33.
Be3 Qh5 34. Bxh6 Qxh6 35. Qc2 Qd6 36. Qf5+ Kb8 37. Rf1 Rxd4 38. Qf8+ Qd8 39.
Qxd8+ Rxd8 40. Rf8 1-0

[Event "Liga Vasca 2010 - Division de Honor"]
[Site "Euskadi ESP"]
[Date "2010.02.20"]
[Round "6.33"]
[White "Serras Uria, Antonio"]
[Black "Lakunza Oyarbide, Juan Carlos"]
[Result "1-0"]
[WhiteElo "2206"]
[BlackElo "2137"]
[PlyCount "79"]
[EventDate "2010.01.09"]
[EventType "team"]
[EventRounds "9"]
[EventCountry "ESP"]
[Source "lmi"]
[SourceDate "2010.01.09"]

1. Nf3 Nf6 2. g3 g6 3. Bg2 Bg7 4. O-O O-O 5. c4 d6 6. Nc3 Nc6 7. Rb1 e5 8. d3
Be6 9. Ng5 Bd7 10. f4 Qc8 11. fxe5 Nxe5 12. Qb3 Rb8 13. Be3 c5 14. Kh1 h6 15.
Nf3 Nxf3 16. exf3 a6 17. Bf4 Qc7 18. g4 b5 19. Qc2 b4 20. Ne4 Nxe4 21. dxe4 g5
22. Be3 Be5 23. Rbd1 Kg7 24. Rd3 f6 25. Qf2 Be6 26. b3 Qf7 27. f4 gxf4 28. Bxf4
Qe7 29. Qd2 Rh8 30. Rh3 Kg6 31. Bf3 Qg7 32. Rh5 Rbd8 33. Rg1 Bxf4 34. Qxf4 Kf7
35. g5 hxg5 36. Rhxg5 Qh6 37. Bh5+ Kf8 38. Qf2 Rh7 39. Rg6 Qxh5 40. Qxf6+ 1-0